Normal view
MARC view
Entry Personal Name
001 - CONTROL NUMBER
- control field: 27880
003 - CONTROL NUMBER IDENTIFIER
- control field: dpl
005 - DATE AND TIME OF LATEST TRANSACTION
- control field: 20110509115300.0
008 - FIXED-LENGTH DATA ELEMENTS
- fixed length control field: 110509|||a|||||| | ||| d
040 ## - CATALOGING SOURCE
- Original cataloging agency: dpl
- Transcribing agency: dpl
100 ## - HEADING--PERSONAL NAME
- Personal name: Sehgal, Vandana
670 ## - SOURCE DATA FOUND
- Source citation: Work cat.: (dpl): Varma, Ram 27879, Ramayana :, 2010
670 ## - SOURCE DATA FOUND
- Source citation: Work cat.: (dpl): Varma, Ram 27879, Ramayana :, 2010
